Microsoft System Center Endpoint Protection Cookbook - Second Edition /

Over 31 simple yet incredibly effective recipes for installing and managing System Center 2016 Endpoint Protection About This Book This is the most practical and up-to-date book covering important new features of System Center 2016 Endpoint protection Gain confidence in managing IT and protecting yo...

Full description

Bibliographic Details
Main Author: Henriksen, Nicolai (Author)
Corporate Author: Safari, an O'Reilly Media Company
Format: eBook
Language:English
Published: Packt Publishing, 2016.
Edition:2nd edition.
Subjects:
Online Access:Connect to this electronic resource

MARC

Tag First Indicator Second Indicator Subfields
LEADER 00000uam a2200000 a 4500
001 in00004251925
005 20260123220151.8
006 m o d
007 cr cn
008 211216s2016 xx o eng
020 |z 9781786464286 
020 |z 9781786467676 
035 |a (CaSebORM)9781786464286 
040 |d UtOrBLW 
041 0 |a eng 
100 1 |a Henriksen, Nicolai,  |e author. 
245 1 0 |a Microsoft System Center Endpoint Protection Cookbook - Second Edition /  |c Henriksen, Nicolai. 
250 |a 2nd edition. 
264 1 |b Packt Publishing,  |c 2016. 
300 |a 1 online resource (216 pages) 
336 |a text  |b txt  |2 rdacontent 
337 |a computer  |b c  |2 rdamedia 
338 |a online resource  |b cr  |2 rdacarrier 
347 |a text file 
520 |a Over 31 simple yet incredibly effective recipes for installing and managing System Center 2016 Endpoint Protection About This Book This is the most practical and up-to-date book covering important new features of System Center 2016 Endpoint protection Gain confidence in managing IT and protecting your server against malware and other threats Configure and automate reporting features and also prepare yourself for a simple and pain-free migration process Who This Book Is For If you are a System Administrator or Engineer using System Center 2016 Endpoint Protection, then this book is for you. You should have a good background with Microsoft products in general, although no knowledge of Endpoint Protection is required. What You Will Learn Explore the best practices for Endpoint Protection in System Center Configuration Manager Provision the Endpoint Protection Client in a Disk Image in Configuration Manager Get to know more about the Security Center Configure definition and engine client updates to be optimum for your bandwidth Make your application or server work with Endpoint Protection enabled Find out how to deal with typical issues that may occur with Endpoint Protection Know how to respond to infections that often occur In Detail System Center Configuration Manager is now used by over 70% of all the business in the world today and many have taken advantage engaging the System Center Endpoint Protection within that great product. Through this book, you will gain knowledge about System Center Endpoint Protection, and see how to work with it from System Center Configuration Manager from an objective perspective. We'll show you several tips, tricks, and recipes to not only help you understand and resolve your daily challenges, but hopefully enhance the security level of your business. Different scenarios will be covered, such as planning and setting up Endpoint Protection, daily operations and maintenance tips, configuring Endpoint Protection for different servers and applications, as well as workstation computers. You'll also see how to deal with malware and infected systems that are discovered. You'll find out how perform OS deployment, Bitlocker, and Applocker, and discover what to do if there is an attack or outbreak. You'll find out how to ensure good control and reporting, and great defense against threats and malware software. You'll see the huge benefits when dealing with application deployments, and get to grips with OS deployments, sof... 
533 |a Electronic reproduction.  |b Boston, MA :  |c Safari,  |n Available via World Wide Web. 
538 |a Mode of access: World Wide Web. 
542 |f Copyright © Packt Publishing 
588 |a Online resource; Title from title page (viewed December 19, 2016) 
500 |a Electronic resource. 
655 7 |a Electronic books.  |2 local 
710 2 |a Safari, an O'Reilly Media Company. 
856 4 0 |u https://proxy.library.tamu.edu/login?url=https://go.oreilly.com/TAMU/library/view/-/9781786464286/?ar  |z Connect to this electronic resource  |t 0 
999 f f |s 2e1ae46f-5f62-35ab-9392-c64487e5ad33  |i 7d90bdc8-fb0b-3433-b9eb-3c08d1343bce  |t 0 
952 f f |a Texas A&M University  |b College Station  |c Electronic Resources  |s www_evans  |d Available Online  |t 0  |h No information provided 
998 f f |t 0  |l Available Online